Culture générale histoire - facile - Statistiques

Statistiques générales
  • Ce quiz a été pris 50 fois
  • Le résultat moyen est 10 sur 16
Statistiques - réponses
Question Réponse % Correct
Quel bateau a coulé en 1912 après avoir heurté un iceberg ? Le RMS Titanic
100%
Quelle année est marquée par la prise de La Bastille ? 1789
93%
Donnez l'une des deux villes japonaises bombardées par la bombe atomique Hiroshima / Nagasaki
91%
La fondation de quelle ville est associée au mythe de Romulus et Remus ? Rome
91%
Quelle femme était surnommée " La pucelle d'Orléans" ? Jeanne d'arc
85%
Que fut le premier ouvrage imprimé ? La Bible
80%
Qui est le premier dirigeant de l'URSS ? Vladimir Ilitch
78%
Qui est le premier empereur romain ? Auguste
57%
Quelle épidémie, apparue pendant la Première Guerre mondiale, est estimée plus meurtrière que celle-ci ? La grippe espagnole
57%
Quelle année est marquée par le couronnement de Charlemagne ? 800
52%
En quelle année ladite révolution russe a eu lieu ? 1917
50%
Quel roi macédonien, fils de Philippe II est connu pour sa grande expansion malgré un règne plutôt court ? Alexandre le grand
37%
Qui fut président français durant la première guerre mondiale ? Raymond Poincaré
30%
La prise de quelle ville marque la fin de la Reconquista espagnole en 1492 ? Grenade
22%
Quelle famille impériale est renversée avec la révolution bolchévique ? Les Romanov
22%
En quelle année l'imprimerie fut crée (entre autre) par Gutenberg ? 1450
20%
Aucun quiz correspondant
Distribution des résultats
% des personnes avec chaque résultat
Percentile par nombre de réponses
Votre historique - résultats
Vous n’avez pas pris ce quiz